000 00456nam a22001577a 4500
005 20251108171012.0
008 250721s1980 xx 000 0 ara d
082 1 4 _a910.4/جبي
100 1 _aإبن جبير، أبو الحسن محمد بن أحمد
245 1 0 _aرحلة إبن جبير /
264 1 _aبيرت :
_bدار صادر،
_c1980.
300 _a341ص
650 1 7 _aالرحلات و الأسفار
942 _2ddc
_cBK
999 _c54093
_d54093